Statistics for Major shops in Great Britain

Click here to take the quiz!

General Stats

  • This quiz has been taken 11 times
  • The average score is 4 of 15

Answer Stats

HintAnswer% Correct
Tesco
86%
Asda
71%
Sainsbury's
71%
New look
43%
Morrisons
29%
Primark
29%
Waitrose
29%
Zara
29%
Argos
14%
Ikea
14%
Poundland
14%
Sports direct
14%
Claire's
0%
Home bargains
0%
Toys 'r' us
0%

Score Distribution

Percentile by Number Answered

Percent of People with Each Score

Your Score History

You have not taken this quiz